Statistics for Every BFDI Series Team

Click here to take the quiz!

General Stats

  • This quiz has been taken 158 times
    (36 since last reset)
  • The average score is 24 of 27

Answer Stats

HintAnswer% Correct
TPOT
Episodes 1-Present
The S!
100%
BFB (Pre-Split)
Episodes 1-16
A Better Name Than That
92%
TPOT
Episodes 1-Present
Are You Okay
92%
BFB (Pre-Split)
Episodes 1-16
BEEP
92%
BFB (Pre-Split)
Episodes 1-16
Bleh
92%
BFB (Pre-Split)
Episodes 1-16
Free Food
92%
BFDIA
Episodes 5a-10, 12-Present
FreeSmart
92%
BFB (Pre-Split)
Episodes 1-16
iance
92%
TPOT
Episodes 1-Present
Just Not
92%
BFDI
Episodes 1-12
(split into two teams in BFDI 8)
Squashy Grapes
92%
BFDI
Episodes 1-12
Squishy Cherries
92%
BFB (Pre-Split)
Episodes 1-16
Team Ice Cube
92%
BFDIA
Episodes 1-10, 11-Present
(split into two teams in BFDIA 5a)
Team No-Name
92%
TPOT
Episodes 2-9
Tear Drop
92%
BFDIA
Episodes 10-11
The Beautiful Face Devotion Institute
92%
BFB (Pre-Split)
Episodes 1-16
The Losers!
92%
TPOT
Episodes 1-Present
The Strongest Team on Earth.
92%
BFDIA
Episodes 1-10, 11-Present
W.O.A.H. Bunch
92%
BFDI
Episodes 8-12
Another Name
83%
BFB (Pre-Split)
Episodes 1-16
Death P.A.C.T
83%
TPOT
Episodes 1-Present
Death P.A.C.T. Again
83%
BFDIA
Episodes 10-11, 12-Present
Fries
83%
BFB (Post-Split)
Episodes 17-24
Have Cots
83%
BFB (Post-Split)
Episodes 17-24
Have Nots
83%
BFB (Post-Split)
Episode 28
Newbie Alliance
83%
TPOT
Episodes 1-Present
Team8s
83%
BFDIA
Episodes 11-12
Less-Restrained, Less-Dumb
75%

Score Distribution

Percentile by Number Answered

Percent of People with Each Score

Your Score History

You have not taken this quiz since the last reset